| 000 | 00834 a2200241 4500 | ||
|---|---|---|---|
| 005 | 20251203160219.0 | ||
| 008 | 251203b |||||||| |||| 00| 0 eng d | ||
| 020 | _a9781793650528 (pbk) | ||
| 037 | _cTB | ||
| 040 |
_aCRL _cCRL |
||
| 041 |
_2eng _aeng |
||
| 084 |
_aY12:45 R1 _qCRL |
||
| 100 |
_aMenard, Scott _9822133 |
||
| 245 |
_aAdolescent exposure to violence and adult outcomes: _bresults from the national youth survey family study |
||
| 260 |
_aLanham, Maryland: _bLexington Books, _c2021. |
||
| 300 | _ax, 231p. | ||
| 365 |
_b30.00 _cUKP |
||
| 650 |
_aSociology _9854296 |
||
| 650 |
_aYouth _9854297 |
||
| 650 |
_aViolence _9854298 |
||
| 942 |
_cTB _2CC _n0 _hY12:45 R1 |
||
| 999 |
_c1435910 _d1435910 |
||